ბათუმის შოთა რუსთაველის სახელმწიფო უნივერსიტეტის ბიბლიოთეკა

A practical approach to signals and systems / (ბიბ.ჩანაწერი № 57497)

000 -LEADER
fixed length control field 01589cam a2200373 a 4500
001 - CONTROL NUMBER
control field 15219157
005 - DATE AND TIME OF LATEST TRANSACTION
control field 20200629132544.0
008 - FIXED-LENGTH DATA ELEMENTS--GENERAL INFORMATION
fixed length control field 080314s2008 si a b 001 0 eng
010 ## - LIBRARY OF CONGRESS CONTROL NUMBER
LC control number 2008012023
020 ## - INTERNATIONAL STANDARD BOOK NUMBER
International Standard Book Number 9780470823538 (cloth)
020 ## - INTERNATIONAL STANDARD BOOK NUMBER
International Standard Book Number 0470823534 (cloth)
035 ## - SYSTEM CONTROL NUMBER
System control number (OCoLC)ocn213495315
040 ## - CATALOGING SOURCE
Original cataloging agency DLC
Transcribing agency DLC
Modifying agency BTCTA
-- BAKER
-- YDXCP
-- C#P
-- BWK
-- BWX
-- CDX
-- DLC
041 ## - LANGUAGE CODE
Language code of text/sound track or separate title eng
050 00 - LIBRARY OF CONGRESS CALL NUMBER
Classification number TK5102.9
Item number .S796 2008
080 ## - UNIVERSAL DECIMAL CLASSIFICATION NUMBER
Universal Decimal Classification number 621.38 S-92
082 00 - DEWEY DECIMAL CLASSIFICATION NUMBER
Classification number 621.382/23
Edition number 22
100 1# - MAIN ENTRY--PERSONAL NAME
Personal name Sundararajan, D.
9 (RLIN) 8870
245 12 - TITLE STATEMENT
Title A practical approach to signals and systems /
Statement of responsibility, etc. D. Sundararajan.
260 ## - PUBLICATION, DISTRIBUTION, ETC.
Place of publication, distribution, etc. Singapore ;
-- Hoboken, NJ :
Name of publisher, distributor, etc. John Wiley & Sons (Asia),
Date of publication, distribution, etc. c2008.
300 ## - PHYSICAL DESCRIPTION
Extent xiv, 381 p. :
Other physical details ill. ;
Dimensions 26 cm.
504 ## - BIBLIOGRAPHY, ETC. NOTE
Bibliography, etc. note Includes bibliographical references and index.
650 #0 - SUBJECT ADDED ENTRY--TOPICAL TERM
Topical term or geographic name entry element Signal theory (Telecommunication)
9 (RLIN) 8871
650 #0 - SUBJECT ADDED ENTRY--TOPICAL TERM
Topical term or geographic name entry element Signal processing.
9 (RLIN) 8495
650 #0 - SUBJECT ADDED ENTRY--TOPICAL TERM
Topical term or geographic name entry element System analysis.
9 (RLIN) 8872
653 ## - INDEX TERM--UNCONTROLLED
keyword ინჟინერია
653 ## - INDEX TERM--UNCONTROLLED
keyword სიგნალების სისტემები
856 42 - ELECTRONIC LOCATION AND ACCESS
Materials specified Contributor biographical information
Uniform Resource Identifier http://www.loc.gov/catdir/enhancements/fy0827/2008012023-b.html
856 42 - ELECTRONIC LOCATION AND ACCESS
Materials specified Publisher description
Uniform Resource Identifier http://www.loc.gov/catdir/enhancements/fy0827/2008012023-d.html
856 41 - ELECTRONIC LOCATION AND ACCESS
Materials specified Table of contents only
Uniform Resource Identifier http://www.loc.gov/catdir/enhancements/fy0827/2008012023-t.html
906 ## - LOCAL DATA ELEMENT F, LDF (RLIN)
a 7
b cbc
c orignew
d 1
e ecip
f 20
g y-gencatlg
942 ## - ADDED ENTRY ELEMENTS (KOHA)
Source of classification or shelving scheme
Koha item type წიგნი
ეგზემპლარები
Withdrawn status Lost status Source of classification or shelving scheme Damaged status Not for loan Permanent Location Current Location Shelving location Date acquired Cost, normal purchase price Full call number Barcode Date last seen Copy number Price effective from Koha item type Public note
          ბათუმის შოთა რუსთაველის სახელმწიფო უნივერსიტეტის მთავარი ბიბლიოთეკა ბათუმის შოთა რუსთაველის სახელმწიფო უნივერსიტეტის მთავარი ბიბლიოთეკა წიგნსაცავი 2020-06-29 272.00 621.38 S-92 60697 2020-06-29 60697 2020-06-29 წიგნი 272 ლ.